| 000 | 00601nam a2200181Ia 4500 | ||
|---|---|---|---|
| 008 | 100921s9999 xx 000 0 und d | ||
| 082 |
_b5562 _a891.463 थ 71 |
||
| 100 | _aफ्लेमिंग इआन,अनु.मोकाशी दि.बा. | ||
| 245 | _aथंडर बॉल. | ||
| 260 |
_bराजस प्रकाशन,पुणे. _c1971 |
||
| 300 |
_a189 _b--- |
||
| 365 | _b5 | ||
| 520 | _aललित-कादंबरी. | ||
| 630 | _aथंडर बॉल. | ||
| 650 | _aललित-कादंबरी. | ||
| 730 | _aथंडर बॉल. | ||
| 942 | _cBOOK | ||
| 999 |
_c754675 _d754672 |
||